Tous les jeux Grand Theft Auto (1997-2013) - Statistiques

Statistiques générales
  • Ce quiz a été pris 101 fois
    100 depuis la dernière actualisation
  • Le résultat moyen est 9 sur 15
Statistiques - réponses
Date de sortie Jeux % Correct
1997 Grand Theft Auto
100%
2013 Grand Theft Auto V
88%
2002 Grand Theft Auto : Vice City
86%
2008 Grand Theft Auto IV
84%
2004 Grand Theft Auto : San Andreas
84%
2001 Grand Theft Auto III
81%
1999 Grand Theft Auto 2
74%
2013 Grand Theft Auto : Online
57%
2006 Grand Theft Auto : Liberty City Stories
53%
2007 Grand Theft Auto : Vice City Stories
52%
2009 Grand Theft Auto : Chinatown Wars
50%
2004 Grand Theft Auto : Advance
33%
2010 Grand Theft Auto : The Ballad of Gay Tony
31%
2010 Grand Theft Auto : The Lost and Damned
24%
1999 Grand Theft Auto : London 1969
20%
Aucun quiz correspondant
Distribution des résultats
% des personnes avec chaque résultat
Percentile par nombre de réponses
Votre historique - résultats
Vous n’avez pas pris ce quiz depuis la dernière actualisation